Future challenges of management education /

Bibliographic Details
Corporate Author: Columbia University Seminars on Organization and Management
Other Authors: Carter, Richard D. (Richard Duane), 1929-
Format: Conference Proceeding Book
Language:English
Published: New York, N.Y. : Published in cooperation with the Columbia University Seminars on Organization and Management [by] Praeger, 1981.
Subjects:

MARC

Tag First Indicator Second Indicator Subfields
LEADER 00000cam a22000008a 4500
001 in00000071874
005 20151008062433.0
008 810713s1981 nyu b 00000 eng
010 |a  81011932  
020 |a 0030594669 :  |c $20.95 
035 |a (OCoLC)07653621 
035 |9 AAK0224AM 
039 0 |a 2  |b 3  |c 3  |d 3  |e 3 
040 |a DLC  |c DLC  |d TXA  |d UtOrBLW 
049 |a TXAM  |c [1803866] 
050 0 0 |a HD30.4  |b .F87 
082 0 |a 658/.007  |2 19 
245 0 0 |a Future challenges of management education /  |c edited by Richard D. Carter. 
263 |a 8111 
264 1 |a New York, N.Y. :  |b Published in cooperation with the Columbia University Seminars on Organization and Management [by] Praeger,  |c 1981. 
300 |a xi, 166 pages ;  |c 24 cm. 
336 |a text  |b txt  |2 rdacontent 
337 |a unmediated  |b n  |2 rdamedia 
338 |a volume  |b nc  |2 rdacarrier 
500 |a Based on papers delivered at the Columbia University Seminars on Organization and Management. 
504 |a Includes bibliographical references. 
505 0 |a Statement of the problem: A frameowrk for educating managers / Peter V. Norden -- Management education at a turning point / Richard D. Carter -- The managerial milieu: Management and the basic trends of socioeconomic development / Norman Cousins -- Speculation about human organization in the 21st century / John F. Mee -- The role of the professional manager in the industrial development of nations / Albrecht M. Lederer -- New organization concerns, building the planning team / Lyman D. Ketchum -- Motivation for quality/productivity, implications for business education / William Exton, Jr. -- The myth of the systems sciences / David B. Hertz -- Prescriptions for the future: Challenges to management in higher education / J. Stephen Sullivan. Conclusion. 
650 0 |a Management  |x Study and teaching. 
700 1 |a Carter, Richard D.  |q (Richard Duane),  |d 1929- 
711 2 |a Columbia University Seminars on Organization and Management. 
999 |a MARS 
999 f f |s 6462fdf9-092b-36ff-92df-9229c0d3fd5a  |i 721c78a2-a5fc-33f5-bdab-10d4643bb2b3  |t 0 
952 f f |p ric  |a Texas A&M University  |b Rellis Campus  |c Joint Library Facility  |d Remote Storage  |t 0  |e HD30.4 .F87  |h Library of Congress classification  |i unmediated -- volume  |m A14806123578 
998 f f |a HD30.4 .F87  |t 0  |l Remote Storage